STORY TELLING ON STEROIDS 10 STORIES THA (Record no. 32759)

MARC details
000 -LEADER
fixed length control field 00333nam a2200133Ia 4500
008 - FIXED-LENGTH DATA ELEMENTS--GENERAL INFORMATION
fixed length control field 240624s9999 xx 000 0 und d
041 ## - LANGUAGE CODE
Language code of text/sound track or separate title eng
082 ## - DEWEY DECIMAL CLASSIFICATION NUMBER
Classification number 809.39 WEI
100 ## - MAIN ENTRY--PERSONAL NAME
Personal name WEICH JOHN
245 ## - TITLE STATEMENT
Title STORY TELLING ON STEROIDS 10 STORIES THA
260 ## - PUBLICATION, DISTRIBUTION, ETC.
Date of publication, distribution, etc. 2014
Place of publication, distribution, etc. Netherland
Name of publisher, distributor, etc. BIS Publishers
300 ## - PHYSICAL DESCRIPTION
Extent 176 p.
365 ## - TRADE PRICE
Currency code
Price amount 33
Holdings
Withdrawn status Lost status Damaged status Not for loan Home library Current library Shelving location Date acquired Total Checkouts Full call number Barcode Date due Date last seen Date last checked out Copy number Price effective from Koha item type
        IMTN IMTN Rack 38-A 01/07/2022 1 809.39 WEI 32759 01/18/2026 01/08/2026 01/08/2026 78.2 06/24/2024 Books
Designed & Maintained by: LRC IMT Nagpur Contact: lrc@imtnag.ac.in© 2024. All Rights Reserved.